| 000 | 01036cam a22001694a 4500 | ||
|---|---|---|---|
| 005 | 20250605163653.0 | ||
| 008 | 250528s ||||||||||||||||||||||||d | ||
| 035 | _a23979 | ||
| 040 |
_aGR-AtMCL _bgre _dGR-AtMCL _eAACR2 |
||
| 245 | 1 | _aSupply Chain and Logistics / Το Περιοδικό για την Εφοδιαστική Αλυσίδα | |
| 260 |
_bParametros Group _bScl Magazine, _c2019 |
||
| 300 | _a112 | ||
| 520 | _aΕξοπλισμός Αποθήκης: Η Καρδιά των Κέντρων Διανομής, Η Διάθεση για Καινοτομία Δημιουργεί Πρωτοπόρες Ομάδες Logistics που Διακρίνονται Διεθνώς, Η Ελληνική Κοινότητα των ΗΠΑ Αναζητά Εμπορικές Συνεργασίες, Freights: Η Ηλεκτρονική Πλατφόρμα Ανταλλαγής Φορτίων και Φορτηγών που θα Αλλάξει τις Συνήθειες μας. | ||
| 942 | _cCR | ||
| 999 |
_c8890 _d8890 |
||